[Event "Minsk Bronstein Memorial"]
[Site "Minsk"]
[Date "2025.02.16"]
[Round "9"]
[White "Tsaruk, Maksim"]
[Black "Zhigalko, Sergei"]
[Result "1-0"]
[WhiteElo "2436"]
[BlackElo "2572"]
[PlyCount "122"]
[EventDate "2025.02.15"]
[EventType "swiss (rapid)"]
[EventRounds "10"]
[EventCountry "BLR"]
[SourceTitle "CB09_2025"]
[SourceDate "2025.02.27"]
[SourceVersion "1"]
[SourceVersionDate "2025.02.27"]
[SourceQuality "1"]

1. e4 e5 2. Nf3 Nc6 3. Bb5 a6 4. Ba4 Nf6 5. 0-0 Be7 6. d3 b5 7. Bb3 0-0 8. a4 b4 9. a5 d6 10. Nbd2 Be6 11. Bxe6 fxe6 12. Nc4 Rb8 13. Re1 Qe8 14. c3 Qg6 15. h3 Rb5 16. Be3 Nd7 17. Ncd2 bxc3 18. bxc3 Ndb8 19. d4 exd4 20. cxd4 Nxa5 21. d5 Bf6 22. Rc1 exd5 23. exd5 c6 24. dxc6 Nbxc6 25. Qa4 Rb4 26. Qa2+ Qf7 27. Qc2 Qd5 28. Red1 Qe6 29. Qd3 Rb5 30. Ne4 Ne5 31. Nxe5 Bxe5 32. Ng5 Qg6 33. Qxg6 hxg6 34. Ne6 Rfb8 35. f4 Bb2 36. Rc7 Nb7 37. Bd4 Bxd4+ 38. Rxd4 a5 39. Rxg7+ Kh8 40. Rxg6 Kh7 41. Rg3 Kh6 42. Ng5 Rf8 43. Re4 Rbf5 44. Re7 Nc5 45. Ne6 R8f7 46. Rxf7 Rxf7 47. Nxc5 dxc5 48. Ra3 Ra7 49. Ra4 Kg6 50. Kf2 Kf5 51. Ke3 Ke6 52. Ke4 Kd6 53. g4 Kc6 54. g5 Kb5 55. Ra1 c4 56. f5 c3 57. g6 Re7+ 58. Kd3 Kb4 59. Rb1+ Kc5 60. f6 Re6 61. g7 Kd5 1-0

[Event "Minsk Bronstein Memorial"]
[Site "Minsk"]
[Date "2025.02.16"]
[Round "6"]
[White "Zarubitski, Viachaslau"]
[Black "Tsaruk, Maksim"]
[Result "1-0"]
[WhiteElo "2397"]
[BlackElo "2436"]
[PlyCount "139"]
[EventDate "2025.02.15"]
[EventType "swiss (rapid)"]
[EventRounds "10"]
[EventCountry "BLR"]
[SourceTitle "CB09_2025"]
[SourceDate "2025.02.27"]
[SourceVersion "1"]
[SourceVersionDate "2025.02.27"]
[SourceQuality "1"]

1. e4 e5 2. Nc3 Nf6 3. g3 d5 4. exd5 Nxd5 5. Bg2 Nxc3 6. bxc3 Nc6 7. Nf3 Bc5 8. 0-0 0-0 9. Re1 Bb6 10. a4 Re8 11. d3 Bg4 12. h3 Bh5 13. g4 Bg6 14. Ng5 h6 15. Ne4 f5 16. gxf5 Bxf5 17. Qh5 Rf8 18. Be3 Qe7 19. Ng3 Bh7 20. Bxb6 axb6 21. Bxc6 bxc6 22. Qxe5 Qh4 23. a5 bxa5 24. Rxa5 Rxa5 25. Qxa5 Bf5 26. Qxc7 Qxh3 27. Qxc6 Kh7 28. Re8 Rxe8 29. Qxe8 Bg6 30. Qe3 Qg4 31. Kg2 h5 32. f3 Qa4 33. Qd2 Qd7 34. Qg5 Qa4 35. Qd2 Qd7 36. Qf2 h4 37. Ne4 Qd8 38. Qe3 Bxe4 39. Qxe4+ Kh6 40. Kh3 Qc8+ 41. Kxh4 Qxc3 42. d4 Qa1 43. Qe3+ Kh7 44. Kg3 Qb1 45. Qd3+ g6 46. d5 Qe1+ 47. Kg2 Qe5 48. d6 Qg5+ 49. Kf1 Qh4 50. Kg2 Qg5+ 51. Kf1 Qh4 52. d7 Qh1+ 53. Ke2 Qh2+ 54. Kd1 Qg1+ 55. Kd2 Qf2+ 56. Kd1 Qg1+ 57. Kd2 Qf2+ 58. Kc3 Qc5+ 59. Kb3 Qb6+ 60. Ka4 Qc6+ 61. Qb5 Qxc2+ 62. Ka5 Qc7+ 63. Ka6 Kg7 64. Qd5 Qd8 65. Kb7 Kf6 66. Qd6+ Kf7 67. f4 g5 68. fxg5 Qxg5 69. d8Q Qb5+ 70. Q8b6 1-0

[Event "Minsk Bronstein Memorial"]
[Site "Minsk"]
[Date "2025.02.15"]
[Round "4"]
[White "Navumenka, Mikhei"]
[Black "Tsaruk, Maksim"]
[Result "0-1"]
[WhiteElo "2272"]
[BlackElo "2436"]
[PlyCount "106"]
[EventDate "2025.02.15"]
[EventType "swiss (rapid)"]
[EventRounds "10"]
[EventCountry "BLR"]
[SourceTitle "CB09_2025"]
[SourceDate "2025.02.27"]
[SourceVersion "1"]
[SourceVersionDate "2025.02.27"]
[SourceQuality "1"]

1. Nf3 d5 2. c4 e6 3. d4 Nf6 4. g3 Bb4+ 5. Nc3 0-0 6. Bg2 dxc4 7. 0-0 Nc6 8. e3 Rb8 9. Nd2 e5 10. a3 Be7 11. d5 Na5 12. Qa4 b6 13. Rd1 Bg4 14. Re1 Qd7 15. Qc2 Bh3 16. Bh1 Bd6 17. b4 cxb3 18. Nxb3 Nxb3 19. Qxb3 Rfe8 20. Nb5 e4 21. Nxa7 Qf5 22. Qc2 Nxd5 23. Nc6 Ra8 24. Bb2 h5 25. Nd4 Qg6 26. Nb5 Bc5 27. Bd4 Bxd4 28. Nxd4 c5 29. Ne2 Bg4 30. Rad1 Nf6 31. Rd6 Bxe2 32. Qxe2 Rxa3 33. Rxb6 Qf5 34. Ra6 Rxa6 35. Qxa6 h4 36. Rc1 h3 37. Qd6 Ra8 38. Qf4 g6 39. f3 Ra2 40. fxe4 Qd7 41. Rf1 Qd2 42. Qf2 Qxf2+ 43. Rxf2 Ra1+ 44. Rf1 Rxf1+ 45. Kxf1 Ng4 46. Kg1 Ne5 47. Kf2 Kg7 48. Ke2 Kf6 49. Kd2 Ke6 50. Kc3 Kd6 51. Kb3 Kc6 52. Kc3 Kb5 53. g4 g5 0-1

[Event "Minsk Bronstein Memorial"]
[Site "Minsk"]
[Date "2025.02.15"]
[Round "3"]
[White "Tsaruk, Maksim"]
[Black "Koishman, Evgenij"]
[Result "1-0"]
[WhiteElo "2436"]
[BlackElo "1939"]
[PlyCount "106"]
[EventDate "2025.02.15"]
[EventType "swiss (rapid)"]
[EventRounds "10"]
[EventCountry "BLR"]
[SourceTitle "CB09_2025"]
[SourceDate "2025.02.27"]
[SourceVersion "1"]
[SourceVersionDate "2025.02.27"]
[SourceQuality "1"]

1. e4 c5 2. c3 Nf6 3. e5 Nd5 4. Nf3 e6 5. Bc4 d6 6. d4 cxd4 7. cxd4 Be7 8. 0-0 0-0 9. Qe2 Nc6 10. Rd1 Bd7 11. Bd2 Rc8 12. Nc3 Nxc3 13. Bxc3 d5 14. Bd3 Na5 15. h4 Nc4 16. g3 b5 17. Rac1 a6 18. b3 Na5 19. Ng5 h6 20. Nh3 Nc6 21. Bb2 f5 22. Nf4 Qe8 23. Qf3 Qf7 24. h5 Bg5 25. Be2 Bxf4 26. Qxf4 a5 27. Rc5 b4 28. Rdc1 Rb8 29. Rxc6 Bxc6 30. Rxc6 Rfc8 31. Rc5 Qa7 32. Qc1 Qa8 33. Qc2 Rd8 34. Bb5 Qb7 35. a4 Qf7 36. Be2 Ra8 37. Bc1 Qe7 38. Be3 Qf7 39. Qc1 Kh7 40. Kg2 Rd7 41. g4 g6 42. hxg6+ Qxg6 43. Rc7 Rad8 44. Qc6 Qf7 45. Rxd7 Qxd7 46. Qxd7+ Rxd7 47. gxf5 exf5 48. Bh5 Kg7 49. Kf3 Rc7 50. Kf4 Rc3 51. Kxf5 Rxb3 52. e6 Rxe3 53. fxe3 Kf8 1-0

[Event "Minsk Bronstein Memorial"]
[Site "Minsk"]
[Date "2025.02.15"]
[Round "5"]
[White "Tsaruk, Maksim"]
[Black "Savitski, Andrei"]
[Result "1-0"]
[WhiteElo "2436"]
[BlackElo "2257"]
[PlyCount "69"]
[EventDate "2025.02.15"]
[EventType "swiss (rapid)"]
[EventRounds "10"]
[EventCountry "BLR"]
[SourceTitle "CB09_2025"]
[SourceDate "2025.02.27"]
[SourceVersion "1"]
[SourceVersionDate "2025.02.27"]
[SourceQuality "1"]

1. e4 c6 2. d4 d5 3. e5 Bf5 4. h4 h5 5. Bd3 Bxd3 6. Qxd3 e6 7. Bg5 Qa5+ 8. Nd2 Qa6 9. c4 Be7 10. Ngf3 Nd7 11. 0-0 Bxg5 12. Nxg5 Ne7 13. b3 Nf5 14. Ndf3 Rd8 15. Qc2 0-0 16. Rfd1 Rc8 17. a4 Rfd8 18. g3 Nf8 19. Rac1 b6 20. Qe2 c5 21. dxc5 bxc5 22. Kf1 d4 23. Nh2 Qb7 24. Kg1 Qxb3 25. Qxh5 Rd7 26. Ne4 Nh7 27. Nf3 g6 28. Qg4 Kg7 29. h5 Qxa4 30. Nfg5 Nxg5 31. Qxg5 Kf8 32. hxg6 fxg6 33. Qf6+ Kg8 34. Qxg6+ Ng7 35. Nf6+ 1-0